Manifiestos del surrealismo /
André Breton (1896-1966) es considerado el fundador del surrealismo, pues si bien la experimentación de los límites de la conciencia y la práctica del automatismo en la expresión estuvo en el centro de varias de las vanguardias artísticas de principios del siglo XX, es un hecho que a él corresponde...
保存先:
| 第一著者: | |
|---|---|
| その他の著者: | |
| フォーマット: | 図書 |
| 言語: | スペイン語 |
| 出版事項: |
Buenos Aires, Argentina :
Argonauta,
2001, c2001
|
| 主題: | |
| タグ: |
タグなし, このレコードへの初めてのタグを付けませんか!
|
MARC
| LEADER | 00000nam^a2200000^a^4500 | ||
|---|---|---|---|
| 001 | 000618380 | ||
| 005 | 20250811000000.0 | ||
| 009 | 20260310133759.229 | ||
| 020 | |a 950-9282-24-3 | ||
| 037 | |a Acervo ITESO - Biblioteca | ||
| 041 | |a ESP | ||
| 082 | |a 709. 04063 |b BRE | ||
| 100 | |a Breton, André |e (autor) | ||
| 245 | 1 | 0 | |a Manifiestos del surrealismo / |c A. Breton ; pról., notas y tr. por A. Pellegrini. |
| 264 | 4 | |a Buenos Aires, Argentina : |b Argonauta, |c 2001, c2001 | |
| 300 | |a 180 p. | ||
| 336 | |a texto |b txt |2 rdacontenido | ||
| 337 | |a sin mediación |b n |2 rdamedio | ||
| 338 | |a volumen |b nc |2 rdasoporte | ||
| 500 | |a Traducción de: Manifestes du surréalisme | ||
| 520 | |a André Breton (1896-1966) es considerado el fundador del surrealismo, pues si bien la experimentación de los límites de la conciencia y la práctica del automatismo en la expresión estuvo en el centro de varias de las vanguardias artísticas de principios del siglo XX, es un hecho que a él corresponde la teorización más sistemática de la corriente y su primera concreción en los Manifiestos surrealistas. Al lado de su faceta de teórico mayor y "maestro" del surrealismo, destaca también su obra creativa, con títulos ya emblemáticos como Nadja, La inmaculada concepción, Vasos comunicantes, El amor loco, La llave de los campos y Antología del humor negro. | ||
| 649 | |a XX | ||
| 650 | |a Surrealismo - |x Teoría | ||
| 650 | |a Literatura - |x Teoría | ||
| 650 | |a Arte - |x Teoría | ||
| 700 | |a Pellegrini, Aldo |e (prólogo, notas y traducción) | ||
| 910 | |a Fondo Castillo-Martínez | ||
| 920 | |a Impresos - Libros | ||
| 930 | |a Fondos Especiales | ||
| 905 | |a 127 | ||
| 901 | |a 618380-10 |b IT2 |c ESP |i D128256 |u 20250811 | ||
| 902 | |a https://opac.biblio.iteso.mx/vufind/Record/000618380 | ||